Statistiques concernant Equipe Rugby France

Cliquez ici pour prendre le quiz!

Statistiques générales

  • Ce quiz a été pris 152 fois
  • Le résultat moyen est 6 sur 14

Statistiques - réponses

Equipes% Correct
Stade Toulousain
92%
Stade Français
78%
RC Toulon
49%
Castres Olympique
46%
Aviron Bayonnais
38%
Racing Métro 92
38%
Biarritz Olympique
37%
ASM Clermont
34%
Union Bordeaux-Begles
34%
CA Brive
31%
Oyonnax
24%
Grenoble
22%
USA Perpignan
22%
Montpellier HR
16%

Distribution des résultats

Percentile par nombre de réponses

% des personnes avec chaque résultat

Votre développement - résultats

Vous n’avez pas pris ce quiz